[Event "Ambes op 2nd"]
[Site "Ambes"]
[Date "2009.04.15"]
[Round "5"]
[White "Perier, Benjamin"]
[Black "Banana, Adnane"]
[Result "0-1"]
[WhiteElo "1230"]
[BlackElo "1755"]
[PlyCount "42"]
[EventDate "2009.04.11"]
[EventType "swiss"]
[EventRounds "9"]
[EventCountry "FRA"]
[SourceTitle "EXT 2012"]
[Source "ChessBase"]
[SourceDate "2011.11.24"]
[SourceVersion "1"]
[SourceVersionDate "2011.11.24"]
[SourceQuality "1"]

1. e4 c5 2. Nf3 d6 3. Nc3 Nc6 4. Bc4 Nf6 5. d3 Na5 6. 0-0 Nxc4 7. dxc4 Bg4 8. h3 Bh5 9. Bg5 h6 10. Bxf6 gxf6 11. Qd2 Rg8 12. Nh4 Qd7 13. Qd5 Bg6 14. Nxg6 Rxg6 15. Ne2 Rg5 16. Qd3 0-0-0 17. Qe3 h5 18. Rad1 Bh6 19. Kh1 Rdg8 20. b4 Rxg2 21. Qxh6 Qxh3# 0-1

[Event "Ambes op 2nd"]
[Site "Ambes"]
[Date "2009.04.11"]
[Round "1"]
[White "Sabatier, Lionel"]
[Black "Perier, Benjamin"]
[Result "1-0"]
[WhiteElo "1757"]
[BlackElo "1230"]
[PlyCount "41"]
[EventDate "2009.04.11"]
[EventType "swiss"]
[EventRounds "9"]
[EventCountry "FRA"]
[SourceTitle "EXT 2012"]
[Source "ChessBase"]
[SourceDate "2011.11.24"]
[SourceVersion "1"]
[SourceVersionDate "2011.11.24"]
[SourceQuality "1"]

1. e4 e5 2. Nf3 Nc6 3. d4 Nxd4 4. Nxe5 Bc5 5. Be3 Nc6 6. Nxc6 bxc6 7. Bxc5 d6 8. Bd4 c5 9. Bxg7 Bb7 10. Nc3 Nf6 11. Bxh8 Qe7 12. Bxf6 Qxf6 13. Bb5+ c6 14. Ba4 0-0-0 15. 0-0 d5 16. exd5 cxd5 17. Qg4+ Kb8 18. Nb5 Bc8 19. Qg3+ Kb7 20. Qc7+ Ka8 21. Qxa7# 1-0